Kefahaman tiga orang pelajar tingkatan lima tentang logaritma /
Saved in:
| Main Author: | |
|---|---|
| Format: | Thesis Book |
| Language: | Malay |
| Published: |
1998.
|
| Subjects: | |
| Tags: |
Add Tag
No Tags, Be the first to tag this record!
|
| LEADER | 00839cam a2200229 a 4500 | ||
|---|---|---|---|
| 001 | u695113 | ||
| 003 | SIRSI | ||
| 008 | 040112s1998 my a t 00 10 may m | ||
| 035 | |a ADA-6850 | ||
| 040 | |a UMM | ||
| 090 | |a LB7 |b UM 1998 Kaw | ||
| 100 | 0 | 0 | |a Kawsalya Paramasivam. |
| 245 | 1 | 0 | |a Kefahaman tiga orang pelajar tingkatan lima tentang logaritma / |c Kawsalya a/l Paramasivam. |
| 260 | |c 1998. | ||
| 300 | |a xiv, 106 leaves : |b ill. ; |c 30 cm. | ||
| 502 | |a Dissertation (M.Ed.) -- Fakulti Pendidikan, Universiti Malaya, 1998. | ||
| 650 | 0 | |a Mathematics |x Study and teaching (Secondary) |z Malaysia. | |
| 650 | 0 | |a Logarithms | |
| 710 | 2 | 0 | |a Universiti Malaya. |b Fakulti Pendidikan. |
| 948 | |a 30/03/2004 |b 20/09/2004 | ||
| 596 | |a 1 | ||
| 999 | |a LB7 UM 1998 KAW |w LC |c 1 |i A511369816 |d 27/2/2016 |e 27/2/2016 |f 6/4/2005 |g 1 |l STACKS |m P01UTAMA |n 3 |r Y |s Y |t TESIS |u 16/3/2005 | ||
